[Event "Agen 2017 - Accession"]
[Site "?"]
[Date "2017.08.20"]
[Round "2.1"]
[White "Degraeve, Jean-Marc"]
[Black "Le Ruyet, Leopold"]
[Result "1-0"]
[LiveChessVersion "1.4.8"]
[BlackElo "2317"]
[WhiteElo "2587"]

1. e4 {[%clk 1:30:56]} g6 {[%clk 1:30:53]} 2. d4 {[%clk 1:31:07]} Bg7
{[%clk 1:31:18]} 3. Nc3 {[%clk 1:31:26]} d6 {[%clk 1:31:42]} 4. Nf3
{[%clk 1:30:32]} a6 {[%clk 1:32:01]} 5. a4 {[%clk 1:29:01]} Nf6 {[%clk 1:32:25]}
6. Be2 {[%clk 1:28:26]} O-O {[%clk 1:32:48]} 7. O-O {[%clk 1:28:50]} Nc6
{[%clk 1:33:14]} 8. Be3 {[%clk 1:23:41]} e5 {[%clk 1:33:38]} 9. dxe5
{[%clk 1:23:39]} dxe5 {[%clk 1:33:17]} 10. Bc4 Be6 {[%clk 1:33:41]} 11. Bxe6
{[%clk 1:15:46]} fxe6 {[%clk 1:34:06]} 12. Ne1 {[%clk 1:12:07]} Qe7
{[%clk 1:24:48]} 13. Nd3 {[%clk 1:11:18]} Rfd8 {[%clk 1:25:11]} 14. f3
{[%clk 1:08:31]} Nd4 {[%clk 1:07:48]} 15. Rf2 {[%clk 1:06:57]} Nd7
{[%clk 1:06:14]} 16. Rd2 {[%clk 1:06:55]} c5 {[%clk 1:03:24]} 17. b3
{[%clk 0:58:10]} Nb8 {[%clk 0:47:16]} 18. a5 {[%clk 0:56:24]} c4 {[%clk 0:45:57]}
19. bxc4 {[%clk 0:55:25]} Nd7 {[%clk 0:38:56]} 20. Na4 {[%clk 0:55:08]} Rac8
{[%clk 0:37:51]} 21. c3 {[%clk 0:54:25]} Nc6 {[%clk 0:38:16]} 22. Nb6
{[%clk 0:53:47]} Nxb6 {[%clk 0:38:19]} 23. Bxb6 {[%clk 0:54:15]} Rd7
{[%clk 0:38:12]} 24. Nb2 {[%clk 0:47:52]} Nb8 {[%clk 0:37:39]} 25. Rxd7
{[%clk 0:46:52]} Nxd7 {[%clk 0:37:53]} 26. Be3 {[%clk 0:47:16]} Nf6
{[%clk 0:29:56]} 27. Qb3 {[%clk 0:45:22]} Ne8 {[%clk 0:29:24]} 28. c5
{[%clk 0:43:40]} Qd7 {[%clk 0:27:56]} 29. Rd1 {[%clk 0:42:03]} Qc6
{[%clk 0:28:20]} 30. Nc4 {[%clk 0:41:59]} Rc7 {[%clk 0:26:27]} 31. Nd6
{[%clk 0:39:10]} Re7 {[%clk 0:25:37]} 32. Rd2 {[%clk 0:36:00]} Bf8
{[%clk 0:22:23]} 33. Qb6 {[%clk 0:33:42]} h6 {[%clk 0:13:11]} 34. Qxc6
{[%clk 0:31:20]} bxc6 {[%clk 0:13:36]} 35. Nc4 {[%clk 0:31:33]} 1-0

[Event "Agen 2017 - Accession"]
[Site "?"]
[Date "2017.08.20"]
[Round "2.2"]
[White "Calistri, Tristan"]
[Black "Le Roux, Jean-Pierre"]
[Result "0-1"]
[LiveChessVersion "1.4.8"]
[BlackElo "2543"]
[WhiteElo "2293"]

1. e4 {[%clk 1:30:56]} c6 {[%clk 1:29:45]} 2. d4 {[%clk 1:31:06]} d5
{[%clk 1:30:07]} 3. Nd2 {[%clk 1:31:21]} dxe4 {[%clk 1:30:24]} 4. Nxe4
{[%clk 1:31:45]} Nf6 {[%clk 1:30:46]} 5. Nxf6+ {[%clk 1:31:27]} exf6
{[%clk 1:31:11]} 6. c3 {[%clk 1:31:35]} Bd6 {[%clk 1:31:26]} 7. Bd3
{[%clk 1:31:58]} Be6 {[%clk 1:31:51]} 8. Ne2 {[%clk 1:28:24]} Qc7
{[%clk 1:32:13]} 9. Ng3 {[%clk 1:24:55]} Nd7 {[%clk 1:30:02]} 10. O-O
{[%clk 1:17:27]} O-O-O {[%clk 1:25:04]} 11. f4 {[%clk 1:07:37]} g6
{[%clk 1:12:44]} 12. f5 {[%clk 1:07:03]} gxf5 {[%clk 1:12:30]} 13. Qf3
{[%clk 1:07:10]} Rhg8 {[%clk 1:00:33]} 14. Bf4 {[%clk 1:05:26]} Ne5
{[%clk 1:00:41]} 15. dxe5 {[%clk 0:51:02]} fxe5 {[%clk 1:00:42]} 16. Nxf5
{[%clk 0:37:29]} exf4 {[%clk 0:41:09]} 17. Nxd6+ {[%clk 0:36:33]} Qxd6
{[%clk 0:34:30]} 18. Bxh7 {[%clk 0:35:38]} Qc5+ {[%clk 0:33:35]} 19. Kh1
{[%clk 0:15:58]} Rh8 {[%clk 0:18:57]} 20. Be4 {[%clk 0:14:30]} Rxh2+
{[%clk 0:18:28]} 0-1

[Event "Agen 2017 - Accession"]
[Site "?"]
[Date "2017.08.20"]
[Round "2.3"]
[White "Demuth, Adrien"]
[Black "Gatineau, Yovann"]
[Result "1/2-1/2"]
[LiveChessVersion "1.4.8"]
[BlackElo "2281"]
[WhiteElo "2540"]

1. Nf3 {[%clk 1:30:53]} Nf6 {[%clk 1:30:46]} 2. c4 {[%clk 1:31:10]} c6
{[%clk 1:30:59]} 3. d4 {[%clk 1:28:55]} d5 {[%clk 1:31:24]} 4. e3
{[%clk 1:29:19]} Bg4 {[%clk 1:30:54]} 5. Nc3 {[%clk 1:23:54]} e6 {[%clk 1:30:10]}
6. Qb3 {[%clk 1:23:54]} Qb6 {[%clk 1:29:05]} 7. Nh4 {[%clk 1:24:01]} Be7
{[%clk 1:17:25]} 8. h3 {[%clk 1:23:58]} Bh5 {[%clk 1:17:41]} 9. g4
{[%clk 1:23:48]} Bg6 {[%clk 1:13:57]} 10. Nxg6 {[%clk 1:21:34]} hxg6
{[%clk 1:14:21]} 11. Bg2 {[%clk 1:21:57]} g5 {[%clk 1:10:59]} 12. Bd2
{[%clk 1:21:28]} Nbd7 {[%clk 1:07:58]} 13. Qa4 {[%clk 1:04:33]} Qb4
{[%clk 0:48:54]} 14. Qc2 {[%clk 0:51:27]} Qb6 {[%clk 0:46:36]} 15. Qa4
{[%clk 0:50:57]} Qb4 {[%clk 0:47:01]} 16. Qxb4 {[%clk 0:29:32]} Bxb4
{[%clk 0:45:41]} 17. a3 {[%clk 0:29:42]} Bxc3 {[%clk 0:43:41]} 18. bxc3
{[%clk 0:29:47]} Nb6 {[%clk 0:38:05]} 19. cxd5 {[%clk 0:22:53]} cxd5
{[%clk 0:33:15]} 20. Rb1 {[%clk 0:22:23]} Rc8 {[%clk 0:28:25]} 21. f3
{[%clk 0:20:47]} Nfd7 {[%clk 0:18:17]} 22. Bf1 {[%clk 0:18:33]} Ke7
{[%clk 0:17:01]} 23. Rb3 {[%clk 0:16:44]} f6 {[%clk 0:15:27]} 24. e4
{[%clk 0:14:53]} dxe4 {[%clk 0:13:09]} 25. fxe4 {[%clk 0:15:11]} e5
{[%clk 0:13:23]} 26. Bd3 {[%clk 0:13:06]} Rc7 {[%clk 0:12:17]} 27. Ke2
{[%clk 0:10:12]} Nc8 {[%clk 0:09:03]} 28. a4 {[%clk 0:07:46]} Nd6
{[%clk 0:09:04]} 29. a5 {[%clk 0:05:37]} Nf7 {[%clk 0:07:08]} 30. Bc1
{[%clk 0:04:03]} Nf8 {[%clk 0:05:26]} 31. Ba3+ {[%clk 0:03:48]} Nd6
{[%clk 0:05:39]} 32. Rhb1 {[%clk 0:02:22]} Rxh3 {[%clk 0:03:19]} 33. Rxb7
{[%clk 0:02:42]} Kd7 {[%clk 0:03:37]} 34. Rxc7+ {[%clk 0:00:34]} Kxc7
{[%clk 0:04:02]} 35. dxe5 {[%clk 0:00:35]} fxe5 {[%clk 0:04:06]} 36. Bxd6+
{[%clk 0:00:32]} Kxd6 {[%clk 0:04:32]} 37. Rb7 {[%clk 0:00:32]} Ne6
{[%clk 0:04:46]} 38. Bc4 {[%clk 0:00:35]} Nc5 {[%clk 0:03:33]} 39. Rxa7
{[%clk 0:00:50]} Nxe4 {[%clk 0:03:51]} 40. Rxg7 {[%clk 0:30:32]} Rxc3
{[%clk 0:31:29]} 41. Bd3 {[%clk 0:25:35]} 1/2-1/2

[Event "Agen 2017 - Accession"]
[Site "?"]
[Date "2017.08.20"]
[Round "2.4"]
[White "Micottis, Dorian"]
[Black "Bellahcene, Bilel"]
[Result "0-1"]
[LiveChessVersion "1.4.8"]
[BlackElo "2481"]
[WhiteElo "2271"]

1. e4 {[%clk 1:30:58]} c5 {[%clk 1:30:58]} 2. Nf3 {[%clk 1:31:25]} Nc6
{[%clk 1:31:25]} 3. Bb5 {[%clk 1:31:14]} Nf6 {[%clk 1:31:50]} 4. Nc3
{[%clk 1:31:09]} Qc7 {[%clk 1:31:46]} 5. O-O {[%clk 1:31:12]} Nd4
{[%clk 1:32:15]} 6. Re1 {[%clk 1:18:50]} a6 {[%clk 1:31:47]} 7. Bf1
{[%clk 1:10:02]} Ng4 {[%clk 1:30:22]} 8. g3 {[%clk 1:10:28]} Nxf3+
{[%clk 1:30:46]} 9. Qxf3 {[%clk 1:10:54]} Ne5 {[%clk 1:31:12]} 10. Qd1
{[%clk 1:10:49]} e6 {[%clk 1:30:39]} 11. Bg2 {[%clk 1:10:01]} Be7
{[%clk 1:30:45]} 12. d3 {[%clk 1:10:26]} O-O {[%clk 1:31:10]} 13. f4
{[%clk 1:08:23]} Nc6 14. a4 {[%clk 1:04:59]} Rb8 {[%clk 1:27:48]} 15. Be3
{[%clk 1:00:38]} Rd8 {[%clk 1:28:12]} 16. e5 {[%clk 0:55:53]} d6 {[%clk 1:24:17]}
17. exd6 {[%clk 0:55:21]} Bxd6 {[%clk 1:24:44]} 18. Ne4 {[%clk 0:52:52]} Nd4
{[%clk 1:24:59]} 19. b4 {[%clk 0:42:51]} b6 {[%clk 1:23:01]} 20. Rb1
{[%clk 0:30:06]} Bb7 {[%clk 1:20:43]} 21. Bf2 {[%clk 0:24:22]} Be7
{[%clk 1:17:51]} 22. bxc5 {[%clk 0:24:12]} bxc5 {[%clk 1:18:16]} 23. c3
{[%clk 0:24:11]} Nf5 {[%clk 1:17:33]} 24. Qc2 {[%clk 0:24:27]} Bc6
{[%clk 1:11:24]} 25. Nd2 {[%clk 0:16:44]} Bxg2 {[%clk 1:10:51]} 26. Kxg2
{[%clk 0:17:09]} Qc6+ {[%clk 1:11:01]} 27. Kg1 {[%clk 0:17:13]} Rxb1
{[%clk 1:08:00]} 28. Rxb1 {[%clk 0:15:38]} Nh6 {[%clk 1:08:23]} 29. a5
{[%clk 0:09:34]} Ng4 {[%clk 1:07:42]} 30. h3 {[%clk 0:08:03]} Nxf2
{[%clk 1:06:29]} 31. Kxf2 {[%clk 0:08:29]} Qd5 {[%clk 1:01:15]} 32. Rb6
{[%clk 0:07:17]} h5 {[%clk 0:56:32]} 33. Nf3 {[%clk 0:04:37]} c4 {[%clk 0:53:29]}
34. dxc4 {[%clk 0:04:26]} Qxc4 {[%clk 0:52:20]} 35. Kg2 {[%clk 0:03:32]} Bf6
{[%clk 0:52:34]} 36. h4 {[%clk 0:02:34]} g6 {[%clk 0:52:48]} 37. Rb3
{[%clk 0:00:56]} Kg7 {[%clk 0:52:41]} 38. Kh3 {[%clk 0:00:54]} Rd3
{[%clk 0:52:03]} 39. Nd2 {[%clk 0:00:37]} Rxd2 0-1

[Event "Agen 2017 - Vétérans"]
[Site "?"]
[Date "2017.08.20"]
[Round "2.1"]
[White "Prie, Eric"]
[Black "Koenig, Joel"]
[Result "1-0"]
[LiveChessVersion "1.4.8"]
[BlackElo "1820"]
[WhiteElo "2481"]

1. e4 {[%clk 1:30:56]} d5 {[%clk 1:30:37]} 2. exd5 {[%clk 1:31:16]} Nf6
{[%clk 1:30:52]} 3. Nf3 {[%clk 1:31:18]} Bg4 {[%clk 1:30:12]} 4. h3
{[%clk 1:31:42]} Bh5 {[%clk 1:29:58]} 5. Bb5+ {[%clk 1:29:00]} c6
{[%clk 1:25:40]} 6. dxc6 {[%clk 1:29:22]} bxc6 {[%clk 1:26:03]} 7. Be2
{[%clk 1:29:22]} e6 {[%clk 1:25:44]} 8. d4 {[%clk 1:29:34]} Bd6 {[%clk 1:24:01]}
9. c4 {[%clk 1:17:27]} O-O {[%clk 1:23:12]} 10. Nc3 {[%clk 1:17:37]} Bc7
{[%clk 1:20:05]} 11. O-O {[%clk 1:16:29]} h6 {[%clk 1:17:34]} 12. Be3
{[%clk 1:15:08]} a5 {[%clk 1:16:28]} 13. Ne5 {[%clk 1:14:36]} Bxe2
{[%clk 1:14:43]} 14. Qxe2 {[%clk 1:12:46]} c5 {[%clk 1:12:07]} 15. Rad1
{[%clk 1:12:24]} cxd4 {[%clk 1:06:57]} 16. Bxd4 {[%clk 1:11:20]} Qc8
{[%clk 0:59:12]} 17. Rd3 {[%clk 0:53:58]} Qb7 {[%clk 0:54:27]} 18. Rfd1
{[%clk 0:50:13]} Rd8 {[%clk 0:45:18]} 19. Nb5 {[%clk 0:25:47]} Bb6
{[%clk 0:39:37]} 20. Bxb6 {[%clk 0:23:42]} Rxd3 {[%clk 0:39:46]} 21. Qxd3
{[%clk 0:24:02]} Qxb6 {[%clk 0:30:45]} 22. Qd8+ {[%clk 0:24:20]} 1-0

[Event "Agen 2017 - Vétérans"]
[Site "?"]
[Date "2017.08.20"]
[Round "2.2"]
[White "Zurano, Alberto"]
[Black "Vareille, Francois"]
[Result "0-1"]
[LiveChessVersion "1.4.8"]
[BlackElo "2424"]
[WhiteElo "1816"]

1. e4 {[%clk 1:30:56]} e6 {[%clk 1:30:48]} 2. d4 {[%clk 1:31:08]} d5
{[%clk 1:31:10]} 3. Nc3 {[%clk 1:29:28]} Bb4 {[%clk 1:30:55]} 4. e5
{[%clk 1:29:36]} c5 {[%clk 1:31:17]} 5. a3 {[%clk 1:29:49]} Bxc3+
{[%clk 1:30:30]} 6. bxc3 {[%clk 1:30:07]} Ne7 {[%clk 1:30:56]} 7. Bd3
{[%clk 1:26:59]} Qa5 {[%clk 1:29:07]} 8. Bd2 {[%clk 1:25:20]} Qa4
{[%clk 1:29:11]} 9. Nf3 {[%clk 1:21:30]} b6 {[%clk 1:26:42]} 10. Qb1
{[%clk 1:17:01]} Ba6 {[%clk 1:26:18]} 11. O-O Nbc6 {[%clk 1:21:21]} 12. Bxa6
{[%clk 1:09:40]} Qxa6 {[%clk 1:21:45]} 13. a4 {[%clk 1:09:38]} cxd4
{[%clk 1:17:52]} 14. Qb5 {[%clk 1:07:45]} Qc8 {[%clk 1:08:18]} 15. cxd4
{[%clk 1:07:00]} Rb8 {[%clk 1:05:07]} 16. Rfc1 {[%clk 1:02:37]} O-O
{[%clk 1:04:37]} 17. Qd3 {[%clk 0:57:55]} h6 {[%clk 1:03:51]} 18. c4
{[%clk 0:52:44]} Qa6 {[%clk 1:01:20]} 19. Qf1 {[%clk 0:51:31]} dxc4
{[%clk 0:55:24]} 20. Rxc4 {[%clk 0:49:15]} Rbc8 {[%clk 0:48:49]} 21. Rcc1
{[%clk 0:48:08]} Qb7 {[%clk 0:48:31]} 22. Qe1 {[%clk 0:41:35]} Rfd8
{[%clk 0:46:26]} 23. Be3 {[%clk 0:38:02]} Qd7 {[%clk 0:44:52]} 24. h3
{[%clk 0:34:40]} Qd5 {[%clk 0:39:30]} 25. Ra3 {[%clk 0:29:00]} Rd7
{[%clk 0:36:44]} 26. Rac3 {[%clk 0:27:42]} Rcd8 {[%clk 0:36:33]} 27. Qe2
{[%clk 0:25:58]} Nb4 {[%clk 0:33:27]} 28. Qc4 {[%clk 0:22:14]} Na2
{[%clk 0:31:36]} 29. Qxd5 {[%clk 0:14:43]} Nxd5 {[%clk 0:31:57]} 30. R3c2
{[%clk 0:14:53]} Nxc1 {[%clk 0:32:18]} 31. Rxc1 {[%clk 0:15:08]} Rc7
{[%clk 0:32:38]} 32. Rxc7 {[%clk 0:15:25]} Nxc7 {[%clk 0:33:05]} 0-1

[Event "Agen 2017 - Vétérans"]
[Site "?"]
[Date "2017.08.20"]
[Round "2.3"]
[White "Saucey, Michel"]
[Black "Riols, Jacques"]
[Result "1-0"]
[LiveChessVersion "1.4.8"]
[BlackElo "1811"]
[WhiteElo "2292"]

1. d4 {[%clk 1:30:56]} Nf6 {[%clk 1:30:46]} 2. Nf3 {[%clk 1:31:20]} d5
{[%clk 1:30:56]} 3. c4 {[%clk 1:31:42]} c6 {[%clk 1:31:11]} 4. e3
{[%clk 1:31:04]} g6 {[%clk 1:30:40]} 5. Nc3 {[%clk 1:31:09]} Bg7 {[%clk 1:31:02]}
6. Be2 {[%clk 1:28:57]} O-O {[%clk 1:28:42]} 7. O-O {[%clk 1:26:12]} Re8
{[%clk 1:23:51]} 8. b4 {[%clk 1:21:28]} a5 {[%clk 1:12:40]} 9. b5
{[%clk 1:20:23]} cxb5 {[%clk 1:11:07]} 10. cxb5 {[%clk 1:14:27]} Nbd7
{[%clk 1:08:14]} 11. a4 {[%clk 1:12:38]} Nb6 {[%clk 1:06:39]} 12. Qb3
{[%clk 1:04:54]} Bf5 {[%clk 1:02:42]} 13. Ba3 {[%clk 0:58:56]} Rc8
{[%clk 0:54:29]} 14. Rac1 {[%clk 0:59:16]} e6 {[%clk 0:48:28]} 15. Ne5
{[%clk 0:56:20]} g5 {[%clk 0:47:16]} 16. Rfd1 {[%clk 0:53:21]} Nfd7
{[%clk 0:44:41]} 17. Nxd7 {[%clk 0:46:03]} Nxd7 {[%clk 0:44:45]} 18. Bd6
{[%clk 0:44:32]} Bg6 {[%clk 0:42:38]} 19. Bg3 {[%clk 0:43:46]} h5
{[%clk 0:36:07]} 20. h3 {[%clk 0:43:09]} Bf6 {[%clk 0:36:02]} 21. Bd3
{[%clk 0:33:15]} Kg7 {[%clk 0:35:14]} 22. Bxg6 {[%clk 0:32:40]} Kxg6
{[%clk 0:35:24]} 23. Ne2 {[%clk 0:27:02]} Nb6 {[%clk 0:32:39]} 24. h4
{[%clk 0:26:49]} gxh4 {[%clk 0:30:48]} 25. Nf4+ {[%clk 0:27:13]} Kh6
{[%clk 0:30:52]} 26. Bh2 {[%clk 0:27:01]} Rg8 {[%clk 0:31:01]} 27. Nh3
{[%clk 0:24:52]} Qd7 {[%clk 0:26:26]} 28. Bf4+ {[%clk 0:23:16]} Kh7
{[%clk 0:26:08]} 29. Rxc8 {[%clk 0:22:30]} Qxc8 {[%clk 0:26:35]} 30. Qb1+
{[%clk 0:22:49]} Kh8 {[%clk 0:26:33]} 31. Rc1 {[%clk 0:22:10]} Nc4
{[%clk 0:26:46]} 32. Be5 {[%clk 0:15:40]} Qd8 {[%clk 0:19:35]} 33. f4
{[%clk 0:12:35]} Bxe5 {[%clk 0:10:51]} 34. dxe5 {[%clk 0:12:29]} Qb6
{[%clk 0:09:58]} 35. Kh1 {[%clk 0:04:26]} Qxe3 {[%clk 0:09:03]} 36. Rg1
{[%clk 0:03:22]} Rg3 {[%clk 0:07:13]} 37. Ng5 {[%clk 0:03:40]} Qd3
{[%clk 0:03:53]} 38. Nxf7+ {[%clk 0:03:51]} Kg8 {[%clk 0:04:17]} 39. Qxd3
{[%clk 0:04:18]} Rxd3 {[%clk 0:04:44]} 40. Nd8 {[%clk 0:34:43]} Nb6
{[%clk 0:32:01]} 41. Nxe6 {[%clk 0:33:23]} Nxa4 {[%clk 0:31:35]} 42. Ra1
{[%clk 0:33:27]} 1-0

[Event "Agen 2017 - Vétérans"]
[Site "?"]
[Date "2017.08.20"]
[Round "2.4"]
[White "Teixeira, Remi"]
[Black "Goldenberg, Richard"]
[Result "0-1"]
[LiveChessVersion "1.4.8"]
[BlackElo "2216"]
[WhiteElo "1810"]

1. d4 {[%clk 1:30:56]} g6 {[%clk 1:30:59]} 2. e4 {[%clk 1:31:10]} Bg7
{[%clk 1:31:26]} 3. Nc3 {[%clk 1:30:40]} d6 {[%clk 1:29:24]} 4. f4
{[%clk 1:29:23]} Nd7 {[%clk 1:26:11]} 5. Nf3 {[%clk 1:25:42]} e6 {[%clk 1:22:28]}
6. Bd3 {[%clk 1:19:34]} Ne7 {[%clk 1:21:25]} 7. O-O {[%clk 1:16:46]} O-O
{[%clk 1:20:32]} 8. f5 {[%clk 1:11:46]} exf5 {[%clk 1:16:10]} 9. exf5
{[%clk 1:10:45]} Nf6 {[%clk 1:15:52]} 10. Nh4 {[%clk 1:03:49]} c5
{[%clk 0:54:09]} 11. fxg6 {[%clk 0:54:00]} fxg6 {[%clk 0:48:10]} 12. Qe1
{[%clk 0:45:33]} Ng4 {[%clk 0:37:29]} 13. Nf3 {[%clk 0:38:28]} cxd4
{[%clk 0:36:58]} 14. Ne4 {[%clk 0:35:36]} Nf5 {[%clk 0:35:27]} 15. h3
{[%clk 0:27:28]} Nge3 {[%clk 0:33:44]} 16. Bxe3 {[%clk 0:27:28]} Nxe3
{[%clk 0:33:11]} 17. Rf2 {[%clk 0:27:01]} d5 {[%clk 0:32:35]} 18. Ng3
{[%clk 0:25:57]} Qb6 {[%clk 0:20:48]} 19. Rb1 {[%clk 0:23:27]} Bd7
{[%clk 0:20:24]} 20. a3 {[%clk 0:18:57]} Qe6 {[%clk 0:13:51]} 21. Qe2
{[%clk 0:10:20]} Rae8 {[%clk 0:13:45]} 22. Re1 {[%clk 0:09:40]} Qd6
{[%clk 0:11:23]} 23. Nf1 {[%clk 0:08:42]} Nxg2 {[%clk 0:06:10]} 24. Qd2
{[%clk 0:05:59]} Nxe1 {[%clk 0:06:00]} 25. Nxe1 {[%clk 0:05:51]} Bxh3
{[%clk 0:05:05]} 26. Kh1 0-1

[Event "Agen 2017 - Open A"]
[Site "?"]
[Date "2017.08.20"]
[Round "2.1"]
[White "Degardin, Sylvain"]
[Black "Amoyal, Pierre"]
[Result "1-0"]
[LiveChessVersion "1.4.8"]
[BlackElo "2099"]
[WhiteElo "2195"]

1. e4 {[%clk 1:30:55]} d5 {[%clk 1:29:12]} 2. exd5 {[%clk 1:31:15]} Qxd5
{[%clk 1:28:38]} 3. Nc3 {[%clk 1:31:31]} Qd6 {[%clk 1:28:22]} 4. d4
{[%clk 1:31:49]} Nf6 {[%clk 1:23:17]} 5. Bd3 {[%clk 1:26:43]} c6 {[%clk 1:18:55]}
6. Nge2 {[%clk 1:26:42]} Bg4 {[%clk 1:04:36]} 7. f3 {[%clk 1:25:15]} Bh5
{[%clk 1:04:26]} 8. Be3 {[%clk 1:02:44]} Nbd7 {[%clk 0:57:08]} 9. Ng3
{[%clk 0:58:22]} Nb6 {[%clk 0:51:59]} 10. Nxh5 {[%clk 0:56:42]} Nxh5
{[%clk 0:52:20]} 11. Qd2 {[%clk 0:56:06]} e6 {[%clk 0:44:41]} 12. O-O-O
{[%clk 0:48:00]} Nf6 {[%clk 0:38:18]} 13. Kb1 {[%clk 0:40:25]} Qb4
{[%clk 0:33:29]} 14. Ne2 {[%clk 0:33:20]} Qxd2 {[%clk 0:32:03]} 15. Bxd2
{[%clk 0:33:33]} O-O-O {[%clk 0:31:42]} 16. c4 {[%clk 0:26:38]} g6
{[%clk 0:30:39]} 17. b3 {[%clk 0:26:31]} Bg7 {[%clk 0:30:20]} 18. Bc3
{[%clk 0:26:17]} h5 {[%clk 0:30:27]} 19. h4 {[%clk 0:22:48]} Rd7 {[%clk 0:26:38]}
20. a4 {[%clk 0:21:31]} a6 {[%clk 0:25:33]} 21. Kc2 {[%clk 0:21:19]} Ne8
{[%clk 0:23:54]} 22. Be4 {[%clk 0:14:41]} Rg8 {[%clk 0:20:07]} 23. g3
{[%clk 0:12:38]} Nf6 {[%clk 0:19:09]} 24. Bd3 {[%clk 0:12:51]} Na8
{[%clk 0:19:02]} 25. a5 {[%clk 0:11:55]} Nc7 {[%clk 0:18:48]} 26. b4
{[%clk 0:12:06]} Rgd8 {[%clk 0:18:53]} 27. Nc1 {[%clk 0:11:22]} Nfe8
{[%clk 0:15:28]} 28. Nb3 {[%clk 0:11:34]} Bf8 {[%clk 0:13:58]} 29. Nc5
{[%clk 0:08:34]} Rxd4 {[%clk 0:13:37]} 30. Bxd4 {[%clk 0:08:37]} Rxd4
{[%clk 0:13:59]} 31. Be2 {[%clk 0:07:57]} Bxc5 {[%clk 0:10:44]} 32. bxc5
{[%clk 0:08:21]} Rxd1 {[%clk 0:10:09]} 33. Rxd1 {[%clk 0:07:36]} Nf6
{[%clk 0:08:54]} 34. Kc3 {[%clk 0:07:17]} e5 {[%clk 0:08:46]} 35. Bf1
{[%clk 0:06:52]} Nce8 {[%clk 0:05:18]} 36. Bh3+ {[%clk 0:06:54]} Kc7
{[%clk 0:05:40]} 37. Re1 {[%clk 0:06:52]} Nd7 {[%clk 0:05:33]} 38. Bxd7
{[%clk 0:06:56]} Kxd7 {[%clk 0:05:56]} 39. Rxe5 {[%clk 0:07:20]} Nc7
{[%clk 0:05:35]} 40. g4 {[%clk 0:35:26]} f6 {[%clk 0:35:05]} 41. gxh5
{[%clk 0:27:37]} 1-0

[Event "Agen 2017 - Open A"]
[Site "?"]
[Date "2017.08.20"]
[Round "2.2"]
[White "Roussel, Glenn"]
[Black "Lucas, Arthur"]
[Result "1-0"]
[LiveChessVersion "1.4.8"]
[BlackElo "2080"]
[WhiteElo "2184"]

1. e4 {[%clk 1:30:57]} e5 {[%clk 1:30:46]} 2. Nf3 {[%clk 1:31:20]} Nc6
{[%clk 1:31:13]} 3. d4 {[%clk 1:31:43]} exd4 {[%clk 1:31:35]} 4. Nxd4
{[%clk 1:32:05]} Nf6 {[%clk 1:31:42]} 5. Nxc6 {[%clk 1:32:28]} bxc6
{[%clk 1:32:08]} 6. Qe2 {[%clk 1:32:51]} Be7 {[%clk 1:14:40]} 7. e5
{[%clk 1:33:11]} Nd5 {[%clk 1:14:42]} 8. c4 {[%clk 1:32:41]} Nb6 {[%clk 1:14:24]}
9. Qc2 {[%clk 1:32:15]} d5 {[%clk 1:04:52]} 10. Nd2 {[%clk 1:24:23]} Be6
{[%clk 0:56:45]} 11. Be2 {[%clk 1:09:28]} O-O {[%clk 0:52:57]} 12. O-O
{[%clk 1:08:01]} Qd7 {[%clk 0:37:44]} 13. Bd3 {[%clk 1:01:27]} g6
{[%clk 0:36:29]} 14. c5 {[%clk 0:57:24]} Nc8 {[%clk 0:35:33]} 15. f4
{[%clk 0:54:46]} Bf5 {[%clk 0:28:19]} 16. Nb3 {[%clk 0:52:19]} Bxd3
{[%clk 0:26:26]} 17. Qxd3 {[%clk 0:52:47]} f6 {[%clk 0:24:55]} 18. Be3
{[%clk 0:48:12]} fxe5 {[%clk 0:15:14]} 19. fxe5 {[%clk 0:48:34]} Qe6
{[%clk 0:14:46]} 20. Qd4 {[%clk 0:40:19]} a5 {[%clk 0:10:29]} 21. a4
{[%clk 0:33:59]} Na7 {[%clk 0:09:17]} 22. Nxa5 {[%clk 0:31:43]} Rxf1+
{[%clk 0:08:41]} 23. Rxf1 {[%clk 0:31:02]} Nb5 {[%clk 0:08:05]} 24. Qd2
{[%clk 0:24:07]} Na7 {[%clk 0:02:00]} 25. Bd4 {[%clk 0:22:14]} Rf8
{[%clk 0:02:08]} 26. Rxf8+ {[%clk 0:20:41]} Bxf8 {[%clk 0:02:26]} 27. Qf4
{[%clk 0:19:34]} Be7 {[%clk 0:02:00]} 28. b4 {[%clk 0:18:39]} g5 {[%clk 0:02:18]}
29. Qd2 {[%clk 0:13:41]} Qf5 {[%clk 0:02:07]} 30. h3 {[%clk 0:09:52]} h5
{[%clk 0:02:01]} 31. Bc3 {[%clk 0:09:19]} g4 {[%clk 0:02:00]} 32. hxg4
{[%clk 0:05:01]} hxg4 {[%clk 0:02:17]} 33. Qf2 {[%clk 0:03:27]} Qd3
{[%clk 0:01:48]} 34. Bd2 {[%clk 0:02:44]} d4 {[%clk 0:00:40]} 35. e6
{[%clk 0:01:32]} Qb1+ {[%clk 0:00:33]} 36. Be1 {[%clk 0:01:29]} Bf6
{[%clk 0:00:32]} 37. Nc4 {[%clk 0:01:18]} d3 {[%clk 0:00:36]} 38. Nd2
{[%clk 0:00:40]} Qd1 {[%clk 0:00:41]} 39. Qxf6 {[%clk 0:00:39]} Qxe1+
{[%clk 0:01:04]} 40. Nf1 {[%clk 0:31:04]} d2 {[%clk 0:30:38]} 41. Qg6+
{[%clk 0:21:15]} Kh8 {[%clk 0:30:57]} 42. Qh6+ {[%clk 0:21:08]} Kg8
{[%clk 0:31:23]} 43. Qxd2 {[%clk 0:21:16]} Qxe6 {[%clk 0:28:45]} 44. Qd8+
{[%clk 0:20:30]} Kf7 {[%clk 0:27:46]} 45. Qxc7+ {[%clk 0:20:44]} Kg6
{[%clk 0:26:58]} 46. Qxa7 {[%clk 0:18:47]} Qd5 {[%clk 0:27:15]} 47. Qe7
{[%clk 0:18:29]} Qd4+ {[%clk 0:27:37]} 48. Ne3 {[%clk 0:15:16]} 1-0